000 00460nam a22001817a 4500
005 20230821121554.0
008 230818b |||||||| |||| 00| 0 eng d
020 _a0-632-04973-1
041 _aeng
082 _a615.82 HOL-P
100 _aHOLLIS, MARGARET AND FLETCHER-COOK, PHYL
_98162
245 _aPRACTICAL EXERCISE THERAPY
250 _a4TH, ED.
260 _aLONDON
_bBLACKWELL SCIENCE
_c1976
300 _a280;p
650 _aBPT
_98163
942 _cBK
999 _c8411
_d8409